Tribhuvan University Central Library

Beed bytes; a collection of articles on the Nepali economy and business. (Record no. 72521)

MARC details
000 -LEADER
fixed length control field 00485 a2200205 4500
020 ## - INTERNATIONAL STANDARD BOOK NUMBER
International Standard Book Number 978-9937-8046-0-8
041 ## - LANGUAGE CODE
Language code of text/sound track or separate title Eng
082 ## - DEWEY DECIMAL CLASSIFICATION NUMBER
Classification number 330
Item number Ar76b
-- N
100 ## - MAIN ENTRY--PERSONAL NAME
Personal name Arthabeed
245 ## - TITLE STATEMENT
Title Beed bytes; a collection of articles on the Nepali economy and business.
260 ## - PUBLICATION, DISTRIBUTION, ETC.
Place of publication, distribution, etc. Kathmandu:
Name of publisher, distributor, etc. Fine Print,
Date of publication, distribution, etc. 2008
300 ## - PHYSICAL DESCRIPTION
Extent 172p.
650 ## - SUBJECT ADDED ENTRY--TOPICAL TERM
Topical term or geographic name entry element Business
650 ## - SUBJECT ADDED ENTRY--TOPICAL TERM
Topical term or geographic name entry element Land
650 ## - SUBJECT ADDED ENTRY--TOPICAL TERM
Topical term or geographic name entry element Tax
650 ## - SUBJECT ADDED ENTRY--TOPICAL TERM
Topical term or geographic name entry element Tourism
651 ## - SUBJECT ADDED ENTRY--GEOGRAPHIC NAME
Geographic name Nepal
653 ## - INDEX TERM--UNCONTROLLED
Uncontrolled term Economics
942 ## - ADDED ENTRY ELEMENTS (KOHA)
Source of classification or shelving scheme Dewey Decimal Classification
Koha item type N
Holdings
Withdrawn status Lost status Source of classification or shelving scheme Damaged status Not for loan Home library Current library Date acquired Total Checkouts Full call number Barcode Date last seen Price effective from Koha item type
    Dewey Decimal Classification     Tribhuvan University Central Library Tribhuvan University Central Library 05/25/2014   330 Ar76b 149107 05/25/2014 05/25/2014 N
    Dewey Decimal Classification     Tribhuvan University Central Library Tribhuvan University Central Library 05/25/2014   330 Ar76b 149108 05/25/2014 05/25/2014 N
    Dewey Decimal Classification     Tribhuvan University Central Library Tribhuvan University Central Library 01/16/2025   330 Ar76b IS33717 01/16/2025 01/16/2025 ISBN